| 000 | 01004nam a2200289 a 4500 | ||
|---|---|---|---|
| 001 | ASIN0870212788 | ||
| 005 | 20170105102926.0 | ||
| 008 | 131212s1984 xxu eng d | ||
| 020 |
_a0870212788 (paperback) _c$29.95 |
||
| 020 | _a9780870212789 (paperback) | ||
| 040 | _a0 | ||
| 050 | 0 | 4 | _aTL553.7 |
| 082 | 0 | 4 |
_a613.69 _bCRA 1984 |
| 100 | 1 | _aCraighead, Frank C., Jr. | |
| 245 | 1 | 0 |
_aHow to survive on land and sea / _cFrank C., Jr. Craighead, Ray E. Smith, Shiras Jarvis. |
| 250 | _a4 Sub ed. | ||
| 260 |
_a[S.l.] : _bNaval Institute Press, _c1984. |
||
| 300 |
_a412 p. ; _c23 cm. |
||
| 490 | 1 | _aPhysical education. | |
| 520 | _aThe classic one-stop guide to outdoor survival for everyone from the novice hiker to the experienced mariner. | ||
| 650 | 0 | _aAirplane crash survival | |
| 700 | 1 | _aJarvis, Shiras. | |
| 700 | 1 | _aSmith, Ray E. | |
| 830 | 0 | _aPhysical education. | |
| 856 | 4 | 0 |
_3Amazon.com _uhttp://www.amazon.com/exec/obidos/ASIN/0870212788/chopaconline-20 |
| 942 |
_2ddc _cBK |
||
| 999 |
_c15848 _d15848 |
||